| 000 | 00472nam a22001817a 4500 | ||
|---|---|---|---|
| 999 |
_c258378 _d258377 |
||
| 003 | OSt | ||
| 005 | 20200611141850.0 | ||
| 008 | 200611b xxu||||| |||| 00| 0 eng d | ||
| 010 | _a2011927512 | ||
| 020 | _a9781111826697 | ||
| 040 | _cn/a | ||
| 050 |
_aHB 172.5 _b.M322 2012 |
||
| 100 | _aWilliam A McEachern | ||
| 245 | _aEcon macro 3 | ||
| 260 |
_a Mason, OH : _bSouth-Western Cengage Learning, _cc2012 |
||
| 300 |
_axii;various pagings _bill. |
||
| 942 |
_2lcc _cBK |
||